000 00757nam a2200253Ia 4500
008 220216s9999 xx 000 0 und d
100 _aMercy M A
245 0 _aJuvenile growth response of selected wild Amazonian accessions and hybrid Hevea clones of Wickham origin in a drought stressed environment
260 _bNatural Rubber Research
_c2011
300 _a76-83
500 _aSource Year: 2011
650 _aAmazonian accessions
650 _aAmazonian accessions
650 _aDrought tolerance
650 _aDrought tolerance
650 _aWickham clones
650 _aWickham clones
650 _aWild germplasm
650 _aWild germplasm
700 _aMeenakumari T
700 _aMydin K K
700 _aNair D B
942 _cAR
999 _c46688
_d46688